Textos dels historiadors àrabs referents a la Catalunya Carolíngia / per Josep M. Millàs i Vallicrosa
Descripción Física:
XL, 136 p. , 28'5 cm
Colección:
Cròniques catalanes
MARC
| LEADER | 00000nam a2200000Ia 4500 | ||
|---|---|---|---|
| 001 | 11842 | ||
| 008 | 160829s1987 xx 000 0 cat d | ||
| 080 | |a H-1-32 | ||
| 100 | |a Millàs i Vallicrosa, Josep Maria |9 22588 | ||
| 245 | |a Textos dels historiadors àrabs referents a la Catalunya Carolíngia / per Josep M. Millàs i Vallicrosa | ||
| 260 | |a Barcelona : |b Institut d'Estudis Catalans, |c 1987 | ||
| 300 | |a XL, 136 p. , 28'5 cm | ||
| 490 | |a Cròniques catalanes | ||
| 650 | |a Catalunya |x Història |x S. VIII/X |x Fonts |9 25123 | ||
| 650 | |a Històriadors musulmans |x Al-Andalus |9 25124 | ||
| 650 | |a Carolingis |9 25125 | ||
| 710 | 2 | |a Institut d'Estudis Catalans |9 52284 | |
| 901 | |a Arxiu | ||
| 942 | |n 1 | ||
| 952 | |0 0 |1 0 |4 0 |6 H132 |7 1 |9 43458 |a Arxiu |b Arxiu |d 2016-12-01 |l 0 |o H-1-32 |p 11842 |r 2016-12-01 00:00:00 |w 2016-12-01 |y ARXIU | ||
| 999 | |c 46004 |d 46004 | ||